| 000 | 00696cam a22002293a 4500 | ||
|---|---|---|---|
| 001 | 28959 | ||
| 003 | PGUSA | ||
| 005 | 20140828083627.0 | ||
| 008 | 090524s2009||||xxu|||||s|||||000 | eng d | ||
| 040 |
_aPGUSA _beng |
||
| 042 | _adc | ||
| 100 | 1 |
_aHome, Gordon, _d1878-1969 |
|
| 245 | 1 | 4 |
_aThe Illustrated Works Of Gordon Home : _bA Linked Index to the Project Gutenberg Editions _h[electronic resource] / _cGordon Home |
| 260 |
_bProject Gutenberg, _c2009 |
||
| 506 | _aPublic domain in the USA. | ||
| 516 | _aElectronic text | ||
| 653 | _aIndexes | ||
| 700 | 1 |
_aWidger, David, _d1932- |
|
| 830 | 0 |
_aProject Gutenberg _v28959 |
|
| 856 | 4 | 0 | _uhttp://www.gutenberg.org/ebooks/28959 |
| 942 | _cEB | ||
| 999 |
_c258214 _d258214 |
||